000 01280cam a2200325 a 4500
001 16938751
003 OSt
005 20170105102906.0
008 110829s2012 flua b 001 0 eng
010 _a 2011036200
020 _a9781439871317 (hbk. : acidfree paper)
040 _aDLC
_cDLC
_dDLC
042 _apcc
043 _an-us---
050 0 0 _aHV6431
_b.D98 2012
082 0 0 _a363.325
_223
_bDZI 2012
100 1 _aDzikansky, Mordecai Z.
245 1 0 _aTerrorist suicide bombings :
_battack interdiction, mitigation, and response /
_cMordecai Dzikansky, Gil Kleiman, Robert Slater.
260 _aBoca Raton :
_bCRC Press,
_cc2012.
300 _axxx, 312 p :
_bill. ;
_c25 cm.
504 _aIncludes bibliographical references and index.
650 0 _aSuicide bombings.
650 0 _aSuicide bombings
_zUnited States.
650 0 _aTerrorism
_zUnited States
_xPrevention.
700 1 _aKleiman, Gil.
700 1 _aSlater, Robert,
_d1943-
906 _a7
_bcbc
_corignew
_d1
_eecip
_f20
_gy-gencatlg
942 _2ddc
_cBK
999 _c14876
_d14876